000 00440cam a2200181ua 4500
001 5195
008 120730n ii |||gr||||Z||||||eng
040 _cMAIN
082 _a824
100 _aLamb, Charles,.,
_eAuthor,
245 1 1 _aEssays of elia
_cby Charles Lamb
250 _a1st.
260 _aAgra:
_bLakshmi narain agarwal.
300 _a254p:
_c15cm.
653 _aEnglish essays
700 _aBanerji, S. K.,
_eEditor,
942 _cBK
999 _c4377
_d4377